Advanced intelligent exam monitoring system (Record no. 4640)
[ view plain ]
| 000 -LEADER | |
|---|---|
| fixed length control field | 00628nam a22001937a 4500 |
| 003 - CONTROL NUMBER IDENTIFIER | |
| control field | OSt |
| 005 - DATE AND TIME OF LATEST TRANSACTION | |
| control field | 20220107122759.0 |
| 008 - FIXED-LENGTH DATA ELEMENTS--GENERAL INFORMATION | |
| fixed length control field | 150410b xxu||||| |||| 00| 0 eng d |
| 040 ## - CATALOGING SOURCE | |
| Transcribing agency | |
| 100 ## - MAIN ENTRY--PERSONAL NAME | |
| Personal name | Ragini Chauhan (93613024) |
| 9 (RLIN) | 6598 |
| 245 ## - TITLE STATEMENT | |
| Title | Advanced intelligent exam monitoring system |
| 500 ## - GENERAL NOTE | |
| General note | Mini Project Report, MSc. CSIS, Second Semester |
| 502 ## - DISSERTATION NOTE | |
| Degree type | MSc. Computer Science and Information Security |
| Name of granting institution | 2013 - 2015 |
| Year degree granted | INT |
| -- | Tony Thomas |
| 650 ## - SUBJECT ADDED ENTRY--TOPICAL TERM | |
| Topical term or geographic name entry element | IMAGE PROCESSING |
| 9 (RLIN) | 6599 |
| 650 ## - SUBJECT ADDED ENTRY--TOPICAL TERM | |
| Topical term or geographic name entry element | INTELLIGENT MONITORING |
| 9 (RLIN) | 6600 |
| 650 ## - SUBJECT ADDED ENTRY--TOPICAL TERM | |
| Topical term or geographic name entry element | MOTION TRACKING |
| 9 (RLIN) | 6601 |
| 700 ## - ADDED ENTRY--PERSONAL NAME | |
| Personal name | Ved Prakash (93613036) |
| 9 (RLIN) | 6621 |
| 942 ## - ADDED ENTRY ELEMENTS (KOHA) | |
| Source of classification or shelving scheme | Dewey Decimal Classification |
| Koha item type | |
| Withdrawn status | Lost status | Source of classification or shelving scheme | Damaged status | Not for loan | Home library | Current library | Date acquired | Total Checkouts | Barcode | Date last seen | Price effective from | Koha item type |
|---|---|---|---|---|---|---|---|---|---|---|---|---|
| Dewey Decimal Classification | IIITM-K | Kerala University of Digital Sciences, Innovation and Technology Knowledge Centre | 10/04/2015 | R-570 | 10/04/2015 | 10/04/2015 | Project Reports | |||||
| Dewey Decimal Classification | IIITM-K | Kerala University of Digital Sciences, Innovation and Technology Knowledge Centre | 16/12/2016 | R-1119 | 16/12/2016 | 16/12/2016 | Project Reports |